[Event "World-chT Rapid"]
[Site "Duesseldorf"]
[Date "2023.08.28"]
[Round "9"]
[White "Schneider, Manfred"]
[Black "Atoyan, Alberto"]
[Result "0-1"]
[WhiteElo "2022"]
[BlackElo "1896"]
[PlyCount "52"]
[EventDate "2023.08.26"]
[EventType "team-swiss (rapid)"]
[EventRounds "12"]
[EventCountry "GER"]
[SourceTitle "CBM 215 Extra"]
[Source "ChessBase"]
[SourceDate "2023.09.30"]
[SourceVersion "1"]
[SourceVersionDate "2023.09.30"]
[SourceQuality "1"]
[WhiteTeam "Kompetenzakademie Allstars"]
[BlackTeam "Armenia"]
[WhiteTeamCountry "GER"]
[BlackTeamCountry "ARM"]

1. e4 c5 2. Nc3 d6 3. f4 g6 4. Nf3 Bg7 5. Bb5+ Bd7 6. Bc4 Nc6 7. 0-0 e6 8. d3 Nge7 9. Qe1 Na5 10. Bb5 0-0 11. Bxd7 Qxd7 12. Nd1 Nac6 13. c3 b5 14. Rb1 a5 15. Qh4 b4 16. c4 f5 17. Re1 e5 18. Nf2 Rae8 19. fxe5 Nxe5 20. Bh6 Nxf3+ 21. gxf3 fxe4 22. Bxg7 Kxg7 23. fxe4 Nc6 24. Ng4 h5 25. Ne3 Ne5 26. Rbd1 Nf3+ 0-1

[Event "World-chT Rapid"]
[Site "Duesseldorf"]
[Date "2023.08.26"]
[Round "4.5"]
[White "Schneider, Manfred"]
[Black "Lobkin, Bohdan"]
[Result "0-1"]
[WhiteElo "2022"]
[BlackElo "1795"]
[PlyCount "74"]
[EventDate "2023.08.26"]
[EventType "team-swiss (rapid)"]
[EventRounds "12"]
[EventCountry "GER"]
[SourceTitle "CBM 215 Extra"]
[Source "ChessBase"]
[SourceDate "2023.09.30"]
[SourceVersion "1"]
[SourceVersionDate "2023.09.30"]
[SourceQuality "1"]
[WhiteTeam "Kompetenzakademie Allstars"]
[BlackTeam "Germany and Friends"]
[WhiteTeamCountry "GER"]
[BlackTeamCountry "GER"]

1. e4 d5 2. Nc3 dxe4 3. Nxe4 Nf6 4. Nxf6+ exf6 5. Nf3 Bd6 6. Be2 0-0 7. 0-0 c5 8. d4 Nd7 9. Be3 Qc7 10. h3 Rd8 11. Qc1 b6 12. c4 Bb7 13. d5 Re8 14. Qc2 Bf4 15. Bxf4 Qxf4 16. a4 Nf8 17. Bd3 Bc8 18. Nh2 h5 19. Rae1 Bd7 20. Be4 g6 21. Re3 f5 22. Bf3 Rxe3 23. fxe3 Qxe3+ 24. Qf2 Qxf2+ 25. Kxf2 Bxa4 26. Re1 Kg7 27. Be2 Kf6 28. Bd3 a5 29. h4 Bb3 30. Nf3 b5 31. Nd2 bxc4 32. Bxc4 Bxc4 33. Nxc4 Rb8 34. Re2 a4 35. g3 Nd7 36. Nd6 Ne5 37. Rd2 Ke7 0-1

[Event "Dortmund Sparkassen op-B 44th"]
[Site "Dortmund"]
[Date "2016.07.17"]
[Round "9"]
[White "Kracht, Raphael"]
[Black "Schneider, Manfred"]
[Result "1-0"]
[WhiteElo "1581"]
[BlackElo "1968"]
[PlyCount "79"]
[EventDate "2016.07.09"]
[EventType "swiss"]
[EventRounds "9"]
[EventCountry "GER"]
[SourceTitle "CBM 173 Extra"]
[Source "ChessBase"]
[SourceDate "2016.08.29"]
[SourceVersion "1"]
[SourceVersionDate "2016.08.29"]
[SourceQuality "1"]

1. e4 Nc6 2. Nf3 e6 3. d4 b6 4. Be3 Bb7 5. Nbd2 Nf6 6. c3 Ne7 7. Bd3 Ng6 8. h3 Be7 9. 0-0 0-0 10. Qe2 d6 11. Rfd1 Re8 12. Rac1 Nd7 13. Bb1 e5 14. d5 Rf8 15. Nf1 Bc8 16. Ng3 f6 17. Nf5 Rf7 18. h4 Bf8 19. h5 Ne7 20. N3h4 Nc5 21. Ng3 a5 22. f3 Bd7 23. Kf2 Qc8 24. c4 Qb7 25. Rh1 g5 26. hxg6 hxg6 27. Rh2 Rh7 28. Rch1 Kf7 29. f4 Bg7 30. f5 Rah8 31. fxg6+ Nxg6 32. Nxg6 Kxg6 33. Rxh7 Rxh7 34. Rxh7 Kxh7 35. Qh5+ Kg8 36. Qg6 Qc8 37. Bh6 Qf8 38. Nh5 Be8 39. Qxg7+ Qxg7 40. Nxg7 1-0

[Event "Dortmund Sparkassen op-B 44th"]
[Site "Dortmund"]
[Date "2016.07.16"]
[Round "8"]
[White "Schneider, Manfred"]
[Black "Arakelian, Aik"]
[Result "1-0"]
[WhiteElo "1968"]
[BlackElo "1673"]
[PlyCount "69"]
[EventDate "2016.07.09"]
[EventType "swiss"]
[EventRounds "9"]
[EventCountry "GER"]
[SourceTitle "CBM 173 Extra"]
[Source "ChessBase"]
[SourceDate "2016.08.29"]
[SourceVersion "1"]
[SourceVersionDate "2016.08.29"]
[SourceQuality "1"]

1. e4 c5 2. Nc3 Nc6 3. Bb5 a6 4. Bxc6 bxc6 5. d3 d6 6. f4 e6 7. Nf3 d5 8. Qe2 d4 9. Nd1 Be7 10. b3 a5 11. a4 Ba6 12. 0-0 h5 13. Bd2 h4 14. h3 Nf6 15. Qe1 Nh5 16. Nb2 Ng3 17. Rf2 Rg8 18. Bxa5 Qc8 19. Bd2 Rh8 20. Nh2 Rh5 21. Nf1 Kd7 22. Rf3 Nxf1 23. Qxf1 Qh8 24. Nd1 f6 25. Nf2 g5 26. fxg5 fxg5 27. Ng4 Kd6 28. Rf7 Rh7 29. e5+ Kc7 30. Bxg5 Rf8 31. Rxf8 Bxf8 32. Qf6 Qg8 33. Qd8+ Kb7 34. Rf1 Rh8 35. Bf6 1-0

[Event "Dortmund Sparkassen op-B 44th"]
[Site "Dortmund"]
[Date "2016.07.15"]
[Round "7"]
[White "Koellner, Aaron Noah"]
[Black "Schneider, Manfred"]
[Result "1-0"]
[WhiteElo "1715"]
[BlackElo "1968"]
[PlyCount "111"]
[EventDate "2016.07.09"]
[EventType "swiss"]
[EventRounds "9"]
[EventCountry "GER"]
[SourceTitle "CBM 173 Extra"]
[Source "ChessBase"]
[SourceDate "2016.08.29"]
[SourceVersion "1"]
[SourceVersionDate "2016.08.29"]
[SourceQuality "1"]

1. d4 d5 2. Nf3 e6 3. e3 Bd6 4. Bd3 f5 5. Ne5 Nf6 6. 0-0 0-0 7. b3 Qe7 8. a4 c5 9. c3 b6 10. Qe2 Bd7 11. f4 Be8 12. Nd2 Nbd7 13. Ndf3 Bh5 14. Bd2 Ne4 15. Be1 Ndf6 16. Qb2 Rac8 17. a5 Qb7 18. axb6 Qxb6 19. Bh4 Rfd8 20. Ra6 Qb7 21. Rfa1 Ra8 22. Bxe4 fxe4 23. Ng5 Ne8 24. Nxe6 Rdb8 25. Nxc5 Bxc5 26. dxc5 Qxb3 27. Qxb3 Rxb3 28. R6a3 Rxa3 29. Rxa3 Kf8 30. g4 Bf7 31. Nd7+ Kg8 32. Ra5 Nc7 33. Be7 Be6 34. Ne5 a6 35. f5 Bf7 36. Nd7 Nb5 37. Nb6 Ra7 38. Bd8 Be8 39. c4 dxc4 40. Nxc4 Rd7 41. Bb6 Rd1+ 42. Kf2 Kf8 43. Rxa6 Rc1 44. Ne5 Ke7 45. Ra8 Nc3 46. Bd8+ Kf8 47. Bc7 Rc2+ 48. Ke1 Ke7 49. Bd6+ Kf6 50. Rxe8 Nd5 51. h4 g5 52. Re6+ Kg7 53. hxg5 h6 54. f6+ Nxf6 55. gxf6+ Kh7 56. Re7+ 1-0

[Event "Dortmund Sparkassen op-B 44th"]
[Site "Dortmund"]
[Date "2016.07.13"]
[Round "5"]
[White "Righi, Sofian"]
[Black "Schneider, Manfred"]
[Result "1/2-1/2"]
[WhiteElo "1790"]
[BlackElo "1968"]
[PlyCount "26"]
[EventDate "2016.07.09"]
[EventType "swiss"]
[EventRounds "9"]
[EventCountry "GER"]
[SourceTitle "CBM 173 Extra"]
[Source "ChessBase"]
[SourceDate "2016.08.29"]
[SourceVersion "1"]
[SourceVersionDate "2016.08.29"]
[SourceQuality "1"]

1. d4 Nc6 2. c4 e5 3. d5 Nce7 4. e4 Nf6 5. Nc3 Ng6 6. f3 Bc5 7. a3 0-0 8. b4 Bd4 9. Nge2 Bxc3+ 10. Nxc3 d6 11. Be3 Ne8 12. Qd2 f5 13. Bd3 Bd7 1/2-1/2

[Event "Dortmund Sparkassen op-B 44th"]
[Site "Dortmund"]
[Date "2016.07.09"]
[Round "1"]
[White "Doepper, Anna Berenice"]
[Black "Schneider, Manfred"]
[Result "0-1"]
[WhiteElo "1663"]
[BlackElo "1968"]
[PlyCount "80"]
[EventDate "2016.07.09"]
[EventType "swiss"]
[EventRounds "9"]
[EventCountry "GER"]
[SourceTitle "CBM 173 Extra"]
[Source "ChessBase"]
[SourceDate "2016.08.29"]
[SourceVersion "1"]
[SourceVersionDate "2016.08.29"]
[SourceQuality "1"]

1. a3 Nc6 2. e4 Nf6 3. Nc3 d5 4. exd5 Nxd5 5. Bc4 Nxc3 6. bxc3 e6 7. Nf3 Bd6 8. d4 0-0 9. 0-0 e5 10. Re1 exd4 11. cxd4 Bg4 12. c3 Qf6 13. Be2 Rae8 14. Be3 h6 15. Qd2 Nd8 16. d5 b6 17. Bd4 Qg6 18. Be3 Nb7 19. Nh4 Qh5 20. Bxg4 Qxg4 21. Nf3 Na5 22. h3 Qh5 23. Qd3 Re7 24. c4 Rfe8 25. Rec1 Nb7 26. Nd4 Bc5 27. Ra2 Re4 28. Rac2 Qg6 29. Rd2 Qf6 30. Ra1 Nd6 31. Rad1 Qg6 32. Qc3 a5 33. Qb3 Qf6 34. Qd3 Qh4 35. Nf3 Qf6 36. Nd4 Qg6 37. Qc3 Bxd4 38. Bxd4 Nf5 39. Qf3 Qg5 40. Rd3 Rf4 0-1

[Event "Muensterland Verbandsklasse-A 1213"]
[Site "Germany"]
[Date "2013.04.20"]
[Round "8.2"]
[White "Bauland, Thomas"]
[Black "Schneider, Manfred"]
[Result "0-1"]
[WhiteElo "1918"]
[BlackElo "1998"]
[PlyCount "92"]
[EventDate "2012.09.15"]
[EventType "team-tourn"]
[EventRounds "9"]
[EventCountry "GER"]
[SourceTitle "EXT 2015"]
[Source "ChessBase"]
[SourceDate "2014.11.20"]
[SourceVersion "1"]
[SourceVersionDate "2014.11.20"]
[SourceQuality "1"]
[WhiteTeam "Ahaus Wessum"]
[BlackTeam "Muenster Indische Dame"]
[WhiteTeamCountry "GER"]
[BlackTeamCountry "GER"]

1. Nc3 d5 2. e4 d4 3. Nce2 e5 4. Ng3 g6 5. Nf3 Bg7 6. Bc4 h5 7. d3 h4 8. Nf1 Rh5 9. h3 Bf6 10. c3 Nc6 11. Qb3 Qe7 12. Bd2 a5 13. a4 Nd8 14. N1h2 Nh6 15. cxd4 exd4 16. Rc1 Bg7 17. Kd1 Be6 18. Re1 Ra6 19. Bd5 c6 20. Bxe6 Nxe6 21. e5 Nf5 22. Ng4 Kf8 23. Nf6 Rh8 24. Rc4 Bh6 25. Qc2 Kg7 26. Bxh6+ Kxh6 27. Nd2 b5 28. axb5 cxb5 29. Rc8 Ra8 30. Rxh8+ Rxh8 31. Nde4 Kg7 32. Nd5 Qb7 33. Nef6 Rc8 34. Qd2 b4 35. g4 hxg3 36. fxg3 b3 37. Qxa5 Rc2 38. Ne8+ Kh6 39. Nd6 Qc6 40. Nc4 Ne3+ 41. Ncxe3 dxe3 42. Rxe3 Rc1+ 43. Ke2 Rc5 44. Qb4 Qxd5 45. Qh4+ Kg7 46. Qf6+ Kg8 0-1

[Event "Muensterland Verbandsklasse-A 1213"]
[Site "Germany"]
[Date "2013.03.16"]
[Round "7.2"]
[White "Schneider, Manfred"]
[Black "Berger, Alfred Josef"]
[Result "1/2-1/2"]
[WhiteElo "1998"]
[BlackElo "1878"]
[PlyCount "103"]
[EventDate "2012.09.15"]
[EventType "team-tourn"]
[EventRounds "9"]
[EventCountry "GER"]
[SourceTitle "EXT 2015"]
[Source "ChessBase"]
[SourceDate "2014.11.20"]
[SourceVersion "1"]
[SourceVersionDate "2014.11.20"]
[SourceQuality "1"]
[WhiteTeam "Muenster Indische Dame"]
[BlackTeam "Heiden"]
[WhiteTeamCountry "GER"]
[BlackTeamCountry "GER"]

1. e4 e6 2. d4 d5 3. Nc3 dxe4 4. Nxe4 Bd7 5. Bd3 Bc6 6. Nf3 Bxe4 7. Bxe4 c6 8. 0-0 Nf6 9. Bd3 Be7 10. Qe2 b5 11. a4 b4 12. a5 Nbd7 13. c4 bxc3 14. bxc3 0-0 15. c4 Qc7 16. c5 Nd5 17. Qe4 g6 18. Bc4 Bf6 19. Bg5 Rab8 20. Bxf6 N7xf6 21. Qe5 Qxe5 22. Nxe5 Ne7 23. Rab1 Ne4 24. Rxb8 Rxb8 25. Bd3 Nd2 26. Rd1 Rb2 27. a6 f6 28. Nc4 Nxc4 29. Bxc4 Nd5 30. Rc1 Kf7 31. g3 g5 32. Bd3 h6 33. Kf1 Nb4 34. Bc4 Rc2 35. Rxc2 Nxc2 36. Ke2 Nxd4+ 37. Ke3 Nc2+ 38. Ke4 Ke7 39. h3 Nb4 40. f4 Nd5 41. Bf1 f5+ 42. Ke5 Nf6 43. Bg2 Nd7+ 44. Kd4 Nb8 45. Bf1 Kf6 46. Bg2 gxf4 47. gxf4 Nxa6 48. Bxc6 Nxc5 49. Kxc5 e5 50. h4 exf4 51. Kd4 h5 52. Bd7 1/2-1/2

[Event "Muensterland Verbandsklasse-A 1213"]
[Site "Germany"]
[Date "2013.02.16"]
[Round "6.2"]
[White "Rengers, Rainer"]
[Black "Schneider, Manfred"]
[Result "1/2-1/2"]
[WhiteElo "1683"]
[BlackElo "1998"]
[PlyCount "85"]
[EventDate "2012.09.15"]
[EventType "team-tourn"]
[EventRounds "9"]
[EventCountry "GER"]
[SourceTitle "EXT 2015"]
[Source "ChessBase"]
[SourceDate "2014.11.20"]
[SourceVersion "1"]
[SourceVersionDate "2014.11.20"]
[SourceQuality "1"]
[WhiteTeam "Neuenkirchen II"]
[BlackTeam "Muenster Indische Dame"]
[WhiteTeamCountry "GER"]
[BlackTeamCountry "GER"]

1. d4 Nf6 2. Nf3 e6 3. c4 b6 4. g3 Ba6 5. Qc2 d5 6. cxd5 exd5 7. Bg2 Bb4+ 8. Bd2 Bxd2+ 9. Nbxd2 0-0 10. Ne5 Qd6 11. Nd3 Nc6 12. Nb3 Bc4 13. e3 Nb4 14. Nxb4 Qxb4+ 15. Qd2 Qb5 16. Nc1 Ne4 17. Bxe4 dxe4 18. b3 Be6 19. Ne2 Bg4 20. Rc1 Rac8 21. Rc2 Rfd8 22. 0-0 Bf3 23. Rfc1 g5 24. Qe1 Rd6 25. h3 Qd7 26. Qf1 Rh6 27. Kh2 Bg4 28. Ng1 c6 29. b4 a6 30. a4 Re8 31. a5 Ree6 32. axb6 Rxh3+ 33. Nxh3 Rh6 34. Rxc6 Bxh3 35. Rxh6 Bxf1 36. Rxf1 Kg7 37. Rh3 Qb5 38. Kg2 Qxb6 39. Rfh1 Qxb4 40. Rxh7+ Kf8 41. R1h6 Qb7 42. Rg6 Qd5 43. Rh8+ 1/2-1/2

[Event "Muensterland Verbandsklasse-A 1213"]
[Site "Germany"]
[Date "2013.01.26"]
[Round "5.2"]
[White "Schneider, Manfred"]
[Black "Voss, Norbert"]
[Result "0-1"]
[WhiteElo "1998"]
[BlackElo "1856"]
[PlyCount "150"]
[EventDate "2012.09.15"]
[EventType "team-tourn"]
[EventRounds "9"]
[EventCountry "GER"]
[SourceTitle "EXT 2015"]
[Source "ChessBase"]
[SourceDate "2014.11.20"]
[SourceVersion "1"]
[SourceVersionDate "2014.11.20"]
[SourceQuality "1"]
[WhiteTeam "Muenster Indische Dame"]
[BlackTeam "Muenster SK IV"]
[WhiteTeamCountry "GER"]
[BlackTeamCountry "GER"]

1. e4 b6 2. d4 Bb7 3. Bd3 g6 4. Ne2 Bg7 5. 0-0 e6 6. c4 Nc6 7. d5 Nb4 8. Nbc3 Nxd3 9. Qxd3 d6 10. Be3 Ne7 11. b4 0-0 12. Bd4 e5 13. Be3 f5 14. f3 f4 15. Bf2 g5 16. g4 h5 17. h3 Rf6 18. Rfd1 hxg4 19. fxg4 Rh6 20. Kg2 Ng6 21. Ng1 Nh4+ 22. Kh2 Qe7 23. Nf3 Nxf3+ 24. Qxf3 Kf7 25. Kg2 Rah8 26. Rh1 Bc8 27. Nd1 Bd7 28. c5 Qd8 29. Rc1 Bf8 30. c6 Be8 31. Ne3 Kf6 32. Nf5 R6h7 33. h4 Kf7 34. h5 a6 35. Rc3 Kg8 36. Rcc1 Qa8 37. Qa3 Qc8 38. Rcf1 Bf7 39. Be1 Qa8 40. Bc3 Be8 41. Qb3 Bf7 42. a4 Qc8 43. Qc4 Qa8 44. Rf3 Qc8 45. Rfh3 Qa8 46. Qb3 Qe8 47. Qd1 Qc8 48. Be1 Qa8 49. Bf2 Qd8 50. Bg1 Qb8 51. R1h2 Qd8 52. Rb3 Qe8 53. Kh1 Qd8 54. Qe2 Qc8 55. a5 b5 56. Rf2 Qe8 57. Qf3 Qb8 58. Rbb2 Qd8 59. Rh2 Qb8 60. Rbc2 Qe8 61. Bb6 Qd8 62. Bg1 Qb8 63. Qf2 Qe8 64. Qa7 Bxh5 65. gxh5 Rxh5 66. Rcg2 Rxh2+ 67. Bxh2 Qh5 68. Qg1 Qf3 69. Qe1 Kf7 70. Qe2 Qb3 71. Rf2 Qb1+ 72. Kg2 Qxb4 73. Ng3 Qd4 74. Qg4 Rxh2+ 75. Kg1 Qxf2# 0-1

[Event "Muensterland Verbandsliga 1112"]
[Site "Germany"]
[Date "2012.02.25"]
[Round "7.1"]
[White "Schneider, Manfred"]
[Black "Fuest, Martin"]
[Result "0-1"]
[WhiteElo "1995"]
[BlackElo "2070"]
[PlyCount "113"]
[EventDate "2011.09.24"]
[EventType "team-tourn"]
[EventRounds "9"]
[EventCountry "GER"]
[SourceTitle "EXT 2013"]
[Source "ChessBase"]
[SourceDate "2012.11.22"]
[SourceVersion "1"]
[SourceVersionDate "2012.11.22"]
[SourceQuality "1"]
[WhiteTeam "Muenster Indische Dame"]
[BlackTeam "Bocholt"]
[WhiteTeamCountry "GER"]
[BlackTeamCountry "GER"]

1. e4 d5 2. exd5 Qxd5 3. Nc3 Qd6 4. Nge2 c6 5. d4 Nf6 6. Bf4 Qd8 7. Ng3 Nd5 8. Nxd5 cxd5 9. c3 Nc6 10. Bb5 e6 11. 0-0 Bd6 12. Bxd6 Qxd6 13. f4 g6 14. Qe2 0-0 15. Rf3 Bd7 16. h4 Ne7 17. Bxd7 Qxd7 18. h5 Nf5 19. Nxf5 exf5 20. Re3 Rfe8 21. Re1 Re4 22. Rxe4 fxe4 23. hxg6 hxg6 24. Kf2 Kg7 25. Rh1 Rh8 26. Rxh8 Kxh8 27. Ke3 Qa4 28. a3 Qb3 29. g4 Kg7 30. g5 a6 31. Qh2 Qd1 32. Qe2 Qc1+ 33. Qd2 Qf1 34. Qe2 Qh3+ 35. Kd2 b5 36. Qe3 Qh2+ 37. Kc1 a5 38. Kb1 Qh1+ 39. Kc2 Qf1 40. b3 Qa1 41. Qc1 Qxc1+ 42. Kxc1 a4 43. bxa4 bxa4 44. Kd2 f5 45. gxf6+ Kxf6 46. Ke2 g5 47. fxg5+ Kxg5 48. Ke3 Kf5 49. Kf2 Kf4 50. Ke2 e3 51. c4 dxc4 52. d5 c3 53. d6 c2 54. d7 c1Q 55. d8Q Qc2+ 56. Ke1 Qf2+ 57. Kd1 0-1

[Event "SVM-ch 1011"]
[Site "Bad Godesberg"]
[Date "2011.06.26"]
[Round "5"]
[White "Schneider, Manfred"]
[Black "Goldenstein, Arnd"]
[Result "0-1"]
[WhiteElo "1856"]
[BlackElo "2051"]
[PlyCount "108"]
[EventDate "2011.06.22"]
[EventType "swiss"]
[EventRounds "5"]
[EventCountry "GER"]
[SourceTitle "EXT 2012"]
[Source "ChessBase"]
[SourceDate "2011.11.24"]
[SourceVersion "1"]
[SourceVersionDate "2011.11.24"]
[SourceQuality "1"]

1. Nc3 e5 2. Nf3 Nc6 3. d4 exd4 4. Nxd4 Bc5 5. Nb3 Bb6 6. Bf4 Nf6 7. e4 0-0 8. Bd3 d6 9. 0-0 h6 10. Na4 Re8 11. Nxb6 axb6 12. Re1 Be6 13. Nd2 Ne5 14. a3 c6 15. Re3 Ng6 16. Bg3 b5 17. Be2 d5 18. Bf3 d4 19. Re1 Qb6 20. h4 Bc8 21. a4 Ne5 22. Bxe5 Rxe5 23. axb5 Rxa1 24. Qxa1 Qxb5 25. b3 Qb4 26. Nc4 Re8 27. Rd1 b5 28. Rxd4 bxc4 29. Rxc4 Qd2 30. e5 Be6 31. Rd4 Qxc2 32. exf6 Bxb3 33. fxg7 c5 34. Re4 Rxe4 35. Qa8+ Kxg7 36. Qxe4 Qxe4 37. Bxe4 c4 38. Kf1 c3 39. Ke2 Kf6 40. Kd3 Ke5 41. Bf3 c2 42. Kd2 f6 43. Be2 Bd5 44. g3 Be4 45. Bh5 Kd4 46. Be2 Kc5 47. g4 Kd4 48. Bb5 Ke5 49. Be2 Kf4 50. Kc1 Bf3 51. Bf1 Bxg4 52. Kxc2 Kf3 53. Kd2 Kxf2 54. Bd3 f5 0-1

[Event "SVM-ch 1011"]
[Site "Bad Godesberg"]
[Date "2011.06.25"]
[Round "4"]
[White "Wulfken, Christof"]
[Black "Schneider, Manfred"]
[Result "0-1"]
[WhiteElo "2044"]
[BlackElo "1856"]
[PlyCount "52"]
[EventDate "2011.06.22"]
[EventType "swiss"]
[EventRounds "5"]
[EventCountry "GER"]
[SourceTitle "EXT 2012"]
[Source "ChessBase"]
[SourceDate "2011.11.24"]
[SourceVersion "1"]
[SourceVersionDate "2011.11.24"]
[SourceQuality "1"]

1. d4 Nc6 2. Nf3 d6 3. c4 Bg4 4. Nc3 e5 5. d5 Nce7 6. e4 g6 7. h3 Bd7 8. Be3 Bg7 9. c5 Nf6 10. b4 0-0 11. Qd2 Ne8 12. Bc4 Kh8 13. Bh6 f5 14. h4 fxe4 15. Nxe4 Bf5 16. Bxg7+ Nxg7 17. Neg5 Qe8 18. Nh2 Bc8 19. g3 Nef5 20. Ne4 dxc5 21. bxc5 Nd4 22. d6 Qa4 23. Qc3 cxd6 24. Nxd6 Be6 25. 0-0 Qc6 26. Bxe6 Ne2# 0-1

[Event "Muensterland Verbandsliga 1011"]
[Site "Germany"]
[Date "2011.01.15"]
[Round "5.1"]
[White "Schneider, Manfred"]
[Black "Werner, Daniel"]
[Result "1-0"]
[WhiteElo "1981"]
[BlackElo "2091"]
[PlyCount "40"]
[EventDate "2010.09.25"]
[EventType "team-tourn"]
[EventRounds "9"]
[EventCountry "GER"]
[SourceTitle "EXT 2012"]
[Source "ChessBase"]
[SourceDate "2011.11.24"]
[SourceVersion "1"]
[SourceVersionDate "2011.11.24"]
[SourceQuality "1"]
[WhiteTeam "Muenster Indische Dame"]
[BlackTeam "Ostbevern Westbevern"]
[WhiteTeamCountry "GER"]
[BlackTeamCountry "GER"]

1. e4 c5 2. Nc3 d6 3. f4 Nc6 4. Nf3 g6 5. Bc4 Bg7 6. 0-0 e6 7. d3 Nge7 8. Qe1 Nd4 9. Nxd4 cxd4 10. Nd1 0-0 11. Bb3 Nc6 12. Bd2 Bd7 13. Rf3 b5 14. a4 a6 15. g4 Qe7 16. Nf2 Rfb8 17. Rh3 Kh8 18. a5 Rf8 19. Nd1 f5 20. g5 e5 1-0

[Event "Muensterland Verbandsliga 1011"]
[Site "Germany"]
[Date "2010.10.30"]
[Round "2.1"]
[White "Remmeke, Hans"]
[Black "Schneider, Manfred"]
[Result "1/2-1/2"]
[WhiteElo "2134"]
[BlackElo "1981"]
[PlyCount "90"]
[EventDate "2010.09.25"]
[EventType "team-tourn"]
[EventRounds "9"]
[EventCountry "GER"]
[SourceTitle "EXT 2012"]
[Source "ChessBase"]
[SourceDate "2011.11.24"]
[SourceVersion "1"]
[SourceVersionDate "2011.11.24"]
[SourceQuality "1"]
[WhiteTeam "Nienberge"]
[BlackTeam "Muenster Indische Dame"]
[WhiteTeamCountry "GER"]
[BlackTeamCountry "GER"]

1. d4 Nf6 2. c4 e6 3. g3 d5 4. Nf3 c6 5. Bg2 Nbd7 6. Qc2 Bd6 7. 0-0 0-0 8. Nbd2 Re8 9. Rd1 Qe7 10. a3 a5 11. e4 dxe4 12. Nxe4 Nxe4 13. Qxe4 f6 14. c5 Bc7 15. Be3 Qf7 16. Rac1 Nf8 17. Qc2 Ng6 18. h4 Ne7 19. Nd2 Nf5 20. Nc4 Qh5 21. Qe4 Qg6 22. Bf4 Qf7 23. Bxc7 Qxc7 24. Nb6 Rb8 25. d5 cxd5 26. Nxd5 Qf7 27. Nb6 Ne7 28. Qe1 e5 29. Nxc8 Rexc8 30. Qxa5 Nc6 31. Qe1 Nd4 32. b4 Qb3 33. Qe3 Qxe3 34. fxe3 Ne2+ 35. Kf2 Nxc1 36. Rxc1 Kf8 37. Bd5 Ke7 38. e4 Rc7 39. a4 b6 40. c6 Kd6 41. b5 Ra8 42. Rc4 Ra5 43. Rb4 f5 44. Bb3 g6 45. Rc4 Ra8 1/2-1/2

[Event "Dortmund Sparkassen op-B"]
[Site "Dortmund"]
[Date "2010.07.21"]
[Round "5"]
[White "Schneider, Manfred"]
[Black "Walter, Julian"]
[Result "1/2-1/2"]
[WhiteElo "1842"]
[BlackElo "1925"]
[PlyCount "85"]
[EventDate "2010.07.17"]
[EventType "swiss"]
[EventRounds "9"]
[EventCountry "GER"]
[SourceTitle "EXT 2014"]
[Source "ChessBase"]
[SourceDate "2013.11.20"]
[SourceVersion "1"]
[SourceVersionDate "2013.11.20"]
[SourceQuality "1"]

1. e4 c6 2. d4 d5 3. Nc3 dxe4 4. Nxe4 Bf5 5. Ng3 Bg6 6. Nf3 Nd7 7. Bc4 e6 8. 0-0 Bd6 9. Re1 Ngf6 10. Bg5 Qc7 11. c3 0-0 12. Nh4 Qa5 13. Nxg6 hxg6 14. Bd2 Qc7 15. Bb3 c5 16. Rc1 c4 17. Bc2 Nd5 18. Qf3 N7f6 19. Nf1 Rac8 20. g3 b5 21. b3 Ba3 22. Rb1 a6 23. bxc4 Qxc4 24. Bd3 Qc7 25. Kg2 Qa7 26. Rb3 Bd6 27. Ne3 Rc7 28. Nxd5 Nxd5 29. Rc1 Rfc8 30. Qe2 Rc6 31. h4 Nf6 32. Be3 Qc7 33. Bd2 Qa7 34. g4 Qc7 35. Qf3 Nd5 36. Be4 Rc4 37. Bxd5 exd5 38. Qxd5 Bf4 39. Bxf4 Qxf4 40. Qg5 Qe4+ 41. Kg3 Qc6 42. a3 Rxd4 43. cxd4 1/2-1/2

[Event "Muensterland Verbandsklasse-A 0910"]
[Site "Germany"]
[Date "2010.01.09"]
[Round "5.4"]
[White "Nolting, Bodo"]
[Black "Schneider, Manfred"]
[Result "1/2-1/2"]
[WhiteElo "1842"]
[BlackElo "1983"]
[PlyCount "33"]
[EventDate "2009.09.19"]
[EventType "team-tourn"]
[EventRounds "9"]
[EventCountry "GER"]
[SourceTitle "EXT 2011"]
[Source "ChessBase"]
[SourceDate "2010.11.26"]
[SourceVersion "1"]
[SourceVersionDate "2010.11.26"]
[SourceQuality "1"]
[WhiteTeam "Duelmen"]
[BlackTeam "Muenster Indische Dame"]
[WhiteTeamCountry "GER"]
[BlackTeamCountry "GER"]

1. f4 d5 2. e3 c5 3. Nf3 g6 4. Bb5+ Bd7 5. Bxd7+ Nxd7 6. 0-0 Bg7 7. d4 Nh6 8. c3 e6 9. Nbd2 cxd4 10. exd4 Nf5 11. Qe1 h5 12. Ne5 Nf6 13. Ndf3 Ne4 14. Nd2 Nf6 15. Ndf3 Ne4 16. Nd2 Nf6 17. Ndf3 1/2-1/2

[Event "Muensterland Verbandsklasse-A 0910"]
[Site "Germany"]
[Date "2009.12.19"]
[Round "4.4"]
[White "Schneider, Manfred"]
[Black "Silies, Juergen"]
[Result "1-0"]
[WhiteElo "1983"]
[BlackElo "1772"]
[PlyCount "47"]
[EventDate "2009.09.19"]
[EventType "team-tourn"]
[EventRounds "9"]
[EventCountry "GER"]
[SourceTitle "EXT 2011"]
[Source "ChessBase"]
[SourceDate "2010.11.26"]
[SourceVersion "1"]
[SourceVersionDate "2010.11.26"]
[SourceQuality "1"]
[WhiteTeam "Muenster Indische Dame"]
[BlackTeam "Ibbenbueren"]
[WhiteTeamCountry "GER"]
[BlackTeamCountry "GER"]

1. e4 c5 2. Nf3 e6 3. d4 cxd4 4. Nxd4 Qb6 5. Nb3 a6 6. Bd3 Nc6 7. Be3 Qc7 8. 0-0 Nf6 9. f4 d6 10. a4 Be7 11. N1d2 0-0 12. a5 Nd7 13. c3 Nc5 14. Nxc5 dxc5 15. Nc4 e5 16. Nb6 Rb8 17. Nd5 Qd8 18. f5 f6 19. Bc4 Kh8 20. Rf3 Rf7 21. Rh3 h6 22. Bxh6 gxh6 23. Rxh6+ Rh7 24. Qh5 1-0

[Event "Muensterland Verbandsliga 0405"]
[Site "Muensterland"]
[Date "2004.12.04"]
[Round "4.2"]
[White "Bloemker, Dirk"]
[Black "Schneider, Manfred"]
[Result "1/2-1/2"]
[WhiteElo "2037"]
[BlackElo "1953"]
[PlyCount "54"]
[EventDate "2004.09.18"]
[EventType "team-tourn"]
[EventRounds "9"]
[EventCountry "GER"]
[SourceTitle "EXT 2006"]
[Source "ChessBase"]
[SourceDate "2005.11.24"]
[SourceVersion "1"]
[SourceVersionDate "2005.11.24"]
[SourceQuality "1"]
[WhiteTeam "Saerbeck"]
[BlackTeam "Muenster III"]
[WhiteTeamCountry "GER"]
[BlackTeamCountry "GER"]

1. d4 Nf6 2. Nf3 d5 3. c3 g6 4. Bf4 Bg7 5. e3 0-0 6. Be2 Nbd7 7. h3 Ne4 8. Qb3 c6 9. 0-0 Kh8 10. c4 Nb6 11. Nbd2 Nxd2 12. Nxd2 dxc4 13. Nxc4 Be6 14. Qc2 f6 15. Bg3 Bxc4 16. Bxc4 Nxc4 17. Qxc4 e5 18. Rad1 Qe7 19. dxe5 fxe5 20. Rd2 Rad8 21. Rfd1 Rxd2 22. Rxd2 Bf6 23. b3 Kg7 24. Qg4 Rf7 25. Qd1 Bh4 26. Bxh4 Qxh4 27. Qg4 Qxg4 1/2-1/2